<The> European Union and the member states

Gespeichert in:
Bibliographische Detailangaben
Weitere Verfasser: Zeff, Eleanor E., Pirro, Ellen B.
Format: Buch
Sprache:Englisch
Veröffentlicht: Boulder Lynne Rienner Publishers 2006
Ausgabe:2. ed.
Schlagworte:
Tags: Tag hinzufügen
Keine Tags, Fügen Sie das erste Tag hinzu!

MARC

LEADER 00000nam$a2200000$$$4500
001 0054632
005 20230120111844.0
020 |a 978-1-58826-454-1 
020 |a 1-58826-454-8 
041 0 |a eng 
044 |a US 
245 1 0 |a <The> European Union and the member states  |c edited by: Eleanor E. Zeff, Ellen B. Pirro 
250 |a 2. ed. 
264 1 |a Boulder  |b Lynne Rienner Publishers  |c 2006 
300 |a 499 s. 
610 2 0 |a integrácia ekonomická medzinárodná 
610 2 0 |a politika medzinárodná 
610 2 0 |a spolupráca medzinárodná 
610 2 0 |a spolupráca hospodárska medzinárodná 
610 2 0 |a Európa 
610 2 0 |a Európska únia 
700 1 |a Zeff, Eleanor E. 
700 1 |a Pirro, Ellen B.